000 01056nac a22003137a 4500
001 BR9405814
003 BR-BrBNA
005 20240105121531.0
008 230509b bl.|||m| |||| 00| 0 por d
040 _aBR-BrBNA
_bpor
_cBiblioteca Nacional de Agricultura
072 _aF06; F01
090 _a0150 BR9405814
100 1 _aHeckler, J.C.
100 1 _aFietz, C.R.
100 1 _aBazoni, R.
110 1 _aCentro de Pesquisa Agropecuaria do Oeste, Dourados, MS (Brasil)
245 1 _aCaracteristicas agronomicas de cultivares de arroz irrigado e de sequeiro recomendadas para o Mato Grosso do Sul
260 3 _aDourados, MS (Brasil):
_c1994.
300 _a5 p.
490 _aComunicado Tecnico - Centro de Pesquisa Agropecuaria do Oeste (Brazil)
_vno. 7
_xISSN 0104-5164
650 _aArroz Irrigado
650 _aArroz Sequeiro
650 _aVariedade
650 _aCaracteristicas Agronomicas
650 _aPratica Cultural
650 _aMato Grosso do Sul
909 _a202312
_bLúcia Elande
_c55
_dLúcia Elande
942 _2AGRIS
_n0
_cMS
999 _c285856
_d285856